00373nam a2200121Ia 4500008004100000082001500041100002100056245001600077260004200093300001000135630001800145650008800163211109s9999||||xx |||||||||||||| ||und|| a823bSAB-S aSabatini, Rafael 0aScaramouche bOxford University PressaLondonc1921 a142p. xGeneral Stack aEnglish fiction vEnglish & Old English literaturesLiterature & rhetoricxGeneralia